Una Misionera de Cristo Sacerdote (Record no. 109322)

MARC details
000 -LEADER
campo de control de longitud fija 00530nam a2200181 4500
001 - NÚMERO DE CONTROL
campo de control 109322
003 - IDENTIFICADOR DE NÚMERO DE CONTROL
campo de control ES-MaACL
005 - FECHA Y HORA DE LA ÚLTIMA TRANSACCIÓN
campo de control 20230906184824.0
007 - CAMPO FIJO DE DESCRIPCIÓN FÍSICA--INFORMACIÓN GENERAL
campo de control de longitud fija t|
008 - DATOS DE LONGITUD FIJA--INFORMACIÓN GENERAL
campo de control de longitud fija 061121s1964 sp r ||||1| spa d
245 04 - MENCIÓN DEL TÍTULO
Título Una Misionera de Cristo Sacerdote
Resto del título : En la ruta hacia Dios.
260 ## - PUBLICACIÓN, DISTRIBUCIÓN, ETC.
Lugar de publicación, distribución, etc. Madrid :
Nombre del editor, distribuidor, etc. Studium,
Fecha de publicación, distribución, etc. 1964.
300 ## - DESCRIPCIÓN FÍSICA
Extensión 200 p. ;
Dimensiones 19 cm.
490 1# - MENCIÓN DE SERIE
Mención de serie Colección para religiosas ;
Designación de volumen o secuencia 7
830 0# - PUNTO DE ACCESO ADICIONAL DE SERIE-TÍTULO UNIFORME
Título uniforme Colección para religiosas ;
Designación de volumen o secuencia 7
9 (RLIN) 184429
852 ## - LOCALIZACIÓN
Ubicación ES-MaACL
Número de control de estantería C-25687
Sublocalización o colección R.54534
Holdings
Estatus retirado Estado de pérdida Estado de daño No para préstamo Biblioteca de origen Biblioteca actual Ubicación en estantería Fecha de adquisición Fuente de adquisición Total de préstamos Signatura topográfica completa Código de barras Visto por última vez Precio de reemplazo Tipo de ítem Koha
        Biblioteca del Ateneo de Madrid Biblioteca del Ateneo de Madrid Depósito 2 17/01/2008     C-25687 1114069 23/02/2023 23/02/2023 Libro impreso